000 00601nam a2200181 i 4500
001 38182
003 ES-MaACL
005 20250907063040.0
007 t|
008 030224s1854 sp ||||1| spa d
100 1 _aCabrerizo, Mariano,
_d1785-1868
_9126277
245 1 0 _aMemorias de mis vicisitudes políticas desde 1820 a 1836 /
_cMariano de Cabrerizo.
260 _aValencia :
_bM. Cabrerizo,
_c1854.
300 _aXXIII, 162 p. ;
_c22 cm.
651 4 _aEspaña-
_xHistoria-
_y1814-1833, Fernando VII-
_vRelatos personales.
_9149567
852 _aES-MaACL
_jC-3253
999 _c38182
_d38182